000 00410nam a22001097a 4500
082 _a001
100 _aमीणा एस
_980953
245 _aवस्‍तुनिष्‍ठ मध्‍यप्रदेश सामान्‍य ज्ञान
260 _aइन्‍दौर
_bपुणेकर पब्लि
_c2001
650 _aसामान्‍य ज्ञान
_9328
942 _cBK
999 _c64162
_d64162